00450cam a22000977a 4500008004000000082001900040245015300059260006800212300001000280700006200290180718b1982 xxu||||| |||| 00| 0 eng d aK5055x54 In2co aCooperation in administrative training among developing countires what India can offercby Department of Personnel and Administrative Reforms, India aDelhibDepartment of Personnel and Administrative Reformsc1982 a97+p. aIndia. Department of Personnel and Administrative Reforms